000 00592nam a22001937a 4500
999 _c863
_d863
003 OSt
005 20191212152543.0
008 150109b xxu||||| |||| 00| 0 eng d
020 _a9068320335
040 _cDNLM
082 _aWB 985 L46h 2004
100 _aGrand ,Amanda Le; Wondergem, Peter
_92338
245 _aHerbal Medicine and Health Promotion:
_bA comparative study of herbal drugs in primary health care
260 _aAmsterdam :
_bRoyal tropical Institute.
_c2004
300 _a80 p :
_c21cm
504 _aIncludes Bibliograpy
650 _aHerbal medicine
_92339
942 _2z
_cSLOAN